[Event "SE-2020-0-00320"]
[Site "LSS email"]
[Date "2020.10.19"]
[Round "?"]
[White "Casas Renteria, Enrique"]
[Black "Shim Ng Min, Francis"]
[Result "1/2-1/2"]
[WhiteElo "1299"]
[BlackElo "1311"]
[PlyCount "132"]
[EventDate "2020.08.18"]
[EventType "tourn (corr)"]
[EventRounds "6"]
[EventCountry "GER"]
[SourceTitle "Corr 2022"]
[Source "ChessBase"]
[SourceDate "2021.10.24"]
[SourceVersion "1"]
[SourceVersionDate "2021.10.24"]
[SourceQuality "1"]

1. d4 Nf6 2. c4 e6 3. Nc3 Bb4 4. e3 0-0 5. Bd3 c5 6. Nf3 cxd4 7. exd4 Qa5 8. Bd2 d5 9. 0-0 dxc4 10. Bxc4 Nc6 11. a3 Be7 12. Nd5 Qd8 13. Nxe7+ Nxe7 14. Bg5 Ned5 15. Rc1 Qb6 16. Qc2 Bd7 17. a4 Rfc8 18. b3 Qd6 19. Qe2 Nf4 20. Bxf4 Qxf4 21. Ne5 Bc6 22. Nxf7 Bd5 23. Bxd5 exd5 24. Rxc8+ Rxc8 25. Qe6 Rf8 26. Ne5+ Kh8 27. Nf3 Qc7 28. Qe3 Ng4 29. Qe2 h6 30. Ne5 Nxe5 31. Qxe5 Qc6 32. f4 Re8 33. Qh5 Re4 34. f5 Qf6 35. Rd1 Rxd4 36. Qe8+ Kh7 37. Qg6+ Kg8 38. Rc1 Qxg6 39. fxg6 Rf4 40. Rc7 Rf6 41. Rxb7 Rxg6 42. Rxa7 Rb6 43. Rd7 Rxb3 44. Rxd5 Ra3 45. Ra5 Ra2 46. Ra8+ Kh7 47. h3 Kg6 48. a5 Kh7 49. a6 Kg6 50. a7 Kh7 51. Kh2 Kg6 52. Kg3 Ra3+ 53. Kf4 Ra4+ 54. Ke5 Ra5+ 55. Kd6 Ra6+ 56. Kc7 Ra1 57. Kd6 Ra6+ 58. Ke7 Ra1 59. g4 Re1+ 60. Kf8 Rf1+ 61. Kg8 Rf7 62. h4 Rc7 63. Kf8 h5 64. g5 Kf5 65. Re8 Rxa7 66. Re7 Rxe7 1/2-1/2

[Event "SE-2020-0-00320"]
[Site "LSS email"]
[Date "2020.10.19"]
[Round "?"]
[White "Kratky, Josef"]
[Black "Casas Renteria, Enrique"]
[Result "1-0"]
[WhiteElo "1299"]
[BlackElo "1299"]
[PlyCount "63"]
[EventDate "2020.08.18"]
[EventType "tourn (corr)"]
[EventRounds "6"]
[EventCountry "GER"]
[SourceTitle "Corr 2022"]
[Source "ChessBase"]
[SourceDate "2021.10.24"]
[SourceVersion "1"]
[SourceVersionDate "2021.10.24"]
[SourceQuality "1"]

1. d4 d5 2. c4 e6 3. Nc3 Nf6 4. cxd5 exd5 5. Bg5 c6 6. Qc2 Be7 7. e3 Bg4 8. Bd3 Nbd7 9. h3 Bh5 10. Nge2 Bg6 11. Nf4 Bxd3 12. Nxd3 h6 13. Bh4 0-0 14. 0-0 Ne4 15. Bxe7 Qxe7 16. Rae1 Ndf6 17. Ne5 Nxc3 18. bxc3 Ne4 19. c4 Rac8 20. Rc1 Qe6 21. Rfe1 c5 22. Qb2 b6 23. cxd5 Qxd5 24. Red1 cxd4 25. Rxc8 Rxc8 26. Rxd4 Qb7 27. Rd7 Rc7 28. Rd8+ Kh7 29. f3 Nc5 30. Rf8 Ne6 31. Qb1+ g6 32. Rxf7+ 1-0

[Event "IECC CL0-2019.00 email"]
[Site "IECC email"]
[Date "2019.02.20"]
[Round "?"]
[White "Casas Renteria, Enrique"]
[Black "Shim Ng Min, Francis"]
[Result "0-1"]
[WhiteElo "1345"]
[BlackElo "1325"]
[PlyCount "70"]
[EventDate "2019.01.20"]
[EventType "tourn (corr)"]
[EventRounds "4"]
[SourceTitle "Corr 2022"]
[Source "ChessBase"]
[SourceDate "2021.10.24"]
[SourceVersion "1"]
[SourceVersionDate "2021.10.24"]
[SourceQuality "1"]

1. d4 d5 2. c4 e6 3. Nc3 Nf6 4. Bg5 Nbd7 5. e3 Be7 6. Nf3 0-0 7. Rc1 c6 8. c5 Nh5 9. Bxe7 Qxe7 10. Bd3 Nhf6 11. 0-0 e5 12. dxe5 Nxe5 13. b4 Bg4 14. Be2 Nxf3+ 15. Bxf3 Bxf3 16. Qxf3 a5 17. a3 axb4 18. axb4 h6 19. Ra1 Qe5 20. Rac1 Ra3 21. Ne2 Rfa8 22. Nd4 Ne4 23. Qe2 Ra2 24. Rc2 Ra1 25. Rcc1 R8a2 26. Rxa1 Rxe2 27. Nxe2 Qb2 28. Ng3 Nxg3 29. fxg3 Qxb4 30. Ra8+ Kh7 31. Rxf7 Qe1+ 32. Rf1 Qxe3+ 33. Kh1 Qxc5 34. h3 b5 35. Ra7 Qxa7 0-1

[Event "IECC CL0-2019.00 email"]
[Site "IECC email"]
[Date "2019.02.17"]
[Round "?"]
[White "Casas Renteria, Enrique"]
[Black "Shim Ng Min, Francis"]
[Result "1/2-1/2"]
[WhiteElo "1345"]
[BlackElo "1382"]
[PlyCount "54"]
[EventDate "2019.01.09"]
[EventType "tourn (corr)"]
[EventRounds "4"]
[SourceTitle "Corr 2022"]
[Source "ChessBase"]
[SourceDate "2021.10.24"]
[SourceVersion "1"]
[SourceVersionDate "2021.10.24"]
[SourceQuality "1"]

1. d4 Nf6 2. c4 e6 3. Nc3 Bb4 4. e3 0-0 5. Bd3 c5 6. Nf3 cxd4 7. exd4 d5 8. 0-0 dxc4 9. Bxc4 Nc6 10. Bg5 Be7 11. a3 h6 12. Bh4 Nh5 13. Bxe7 Qxe7 14. Ne5 Nf6 15. Nxc6 bxc6 16. b4 a5 17. Qa4 Ba6 18. Bxa6 Rxa6 19. bxa5 Rfa8 20. Qb4 Qc7 21. a4 Rxa5 22. Qc4 Qd6 23. Rfb1 Nd5 24. Ne4 Qf4 25. Nc5 e5 26. Nb7 R5a6 27. Nc5 Ra5 1/2-1/2

[Event "IECC CL0-2019.00 email"]
[Site "IECC email"]
[Date "2019.02.11"]
[Round "?"]
[White "Shim Ng Min, Francis"]
[Black "Casas Renteria, Enrique"]
[Result "1/2-1/2"]
[WhiteElo "1354"]
[BlackElo "1345"]
[PlyCount "84"]
[EventDate "2019.01.03"]
[EventType "tourn (corr)"]
[EventRounds "4"]
[SourceTitle "Corr 2022"]
[Source "ChessBase"]
[SourceDate "2021.10.24"]
[SourceVersion "1"]
[SourceVersionDate "2021.10.24"]
[SourceQuality "1"]

1. e4 g6 2. d4 Bg7 3. Nf3 d6 4. c4 Nf6 5. Nc3 0-0 6. Be2 Nbd7 7. 0-0 b6 8. h3 Bb7 9. Qc2 a5 10. a4 e6 11. Bf4 Re8 12. Rad1 Qe7 13. Rfe1 e5 14. dxe5 dxe5 15. Bg5 h6 16. Nd5 Qc5 17. Nxf6+ Nxf6 18. Bxf6 Bxf6 19. b3 Rad8 20. Rxd8 Rxd8 21. Qc1 Kh7 22. Bd1 Qd6 23. Bc2 Qf8 24. Rd1 Be7 25. Rxd8 Qxd8 26. Nxe5 Kg7 27. Qf4 Qe8 28. Ng4 h5 29. Qxc7 hxg4 30. Qxb7 Bc5 31. hxg4 Qe5 32. Qd5 Qf4 33. Qd3 Qxf2+ 34. Kh2 Be3 35. Kh3 g5 36. g3 Bd2 37. e5 Qe1 38. Qh7+ Kf8 39. Qh8+ Ke7 40. Qf6+ Ke8 41. Qc6+ Kf8 42. Qd6+ Kg7 1/2-1/2

[Event "IECC CL0-2018.00 email"]
[Site "IECC email"]
[Date "2018.11.30"]
[Round "?"]
[White "Casas Renteria, Enrique"]
[Black "Raines, David T"]
[Result "1/2-1/2"]
[WhiteElo "1354"]
[BlackElo "1270"]
[PlyCount "45"]
[EventDate "2018.11.04"]
[EventType "tourn (corr)"]
[EventRounds "4"]
[SourceTitle "Corr 2022"]
[Source "ChessBase"]
[SourceDate "2021.10.24"]
[SourceVersion "1"]
[SourceVersionDate "2021.10.24"]
[SourceQuality "1"]

1. d4 d5 2. c4 c6 3. Nc3 Nf6 4. e3 a6 5. Qc2 e6 6. Nf3 b5 7. cxb5 cxb5 8. Bd3 Nc6 9. 0-0 Nb4 10. Qe2 Nxd3 11. Qxd3 Bb7 12. a3 Bd6 13. b4 0-0 14. Nd2 Rc8 15. Nb3 Qc7 16. Nc5 Bxh2+ 17. Kh1 Bd6 18. Bd2 Nd7 19. f4 Rce8 20. Rf3 f5 21. Ne2 Nb6 22. Rh3 Bc8 23. g4 1/2-1/2

[Event "IECC CL0-2018.00 email"]
[Site "IECC email"]
[Date "2018.11.30"]
[Round "?"]
[White "Casas Renteria, Enrique"]
[Black "Vontina, Maria"]
[Result "1-0"]
[WhiteElo "1354"]
[BlackElo "917"]
[PlyCount "33"]
[EventDate "2018.11.04"]
[EventType "tourn (corr)"]
[EventRounds "4"]
[SourceTitle "Corr 2022"]
[Source "ChessBase"]
[SourceDate "2021.10.24"]
[SourceVersion "1"]
[SourceVersionDate "2021.10.24"]
[SourceQuality "1"]

1. d4 Nf6 2. c4 d5 3. cxd5 Nxd5 4. e4 Nb6 5. Nc3 g6 6. h3 Bg7 7. Nf3 0-0 8. Be2 N8d7 9. 0-0 a6 10. Be3 Nf6 11. Qd2 Nh5 12. e5 Bh8 13. Bh6 Re8 14. Ng5 Ng7 15. g4 Nd5 16. Bc4 Nxc3 17. Bxf7+ 1-0

[Event "RF-2018-0-00452"]
[Site "LSS email"]
[Date "2018.11.16"]
[Round "?"]
[White "Couspeyre, Thierry"]
[Black "Casas Renteria, Enrique"]
[Result "0-1"]
[WhiteElo "1293"]
[BlackElo "1331"]
[PlyCount "50"]
[EventDate "2018.10.21"]
[EventType "tourn (corr)"]
[EventRounds "6"]
[EventCountry "GER"]
[SourceTitle "Corr 2022"]
[Source "ChessBase"]
[SourceDate "2021.10.24"]
[SourceVersion "1"]
[SourceVersionDate "2021.10.24"]
[SourceQuality "1"]

1. d4 d5 2. c4 e6 3. Nc3 Nf6 4. Bg5 Nbd7 5. e3 Be7 6. Nf3 h6 7. Bh4 0-0 8. Qc2 b6 9. cxd5 Nxd5 10. Bxe7 Nxe7 11. Qe4 Rb8 12. Bd3 Nf6 13. Qe5 Bb7 14. 0-0-0 Ned5 15. Ne4 Qe7 16. h4 Rfc8 17. Nxf6+ Nxf6 18. Rdg1 c5 19. d5 Bxd5 20. Kb1 c4 21. Bc2 c3 22. Nd4 Qb4 23. Bb3 Ne4 24. g4 Nd2+ 25. Kc2 Be4+ 0-1

[Event "IECC CL0-2018.00 email"]
[Site "IECC email"]
[Date "2018.11.16"]
[Round "?"]
[White "Shim Ng Min, Francis"]
[Black "Casas Renteria, Enrique"]
[Result "1-0"]
[WhiteElo "1230"]
[BlackElo "1349"]
[PlyCount "55"]
[EventDate "2018.10.27"]
[EventType "tourn (corr)"]
[EventRounds "4"]
[SourceTitle "Corr 2022"]
[Source "ChessBase"]
[SourceDate "2021.10.24"]
[SourceVersion "1"]
[SourceVersionDate "2021.10.24"]
[SourceQuality "1"]

1. e4 g6 2. d4 Bg7 3. Nf3 d6 4. Bc4 e6 5. 0-0 Ne7 6. Nc3 0-0 7. Be3 h6 8. Qd2 Kh7 9. Rad1 a6 10. a4 b6 11. Bd3 Bb7 12. h3 Nd7 13. Nh2 c5 14. dxc5 Nxc5 15. f4 Bxc3 16. Qxc3 Nxe4 17. Qb4 Nc5 18. Bxc5 Nd5 19. Qb3 dxc5 20. c4 Nxf4 21. Rxf4 Qc7 22. Rdf1 f5 23. R4f2 Rad8 24. Bc2 Rd6 25. Qg3 Rfd8 26. Nf3 Qg7 27. b3 e5 28. Nxe5 1-0

[Event "RF-2018-0-00452"]
[Site "LSS email"]
[Date "2018.11.14"]
[Round "?"]
[White "Casas Renteria, Enrique"]
[Black "Tolnai, Rudolf"]
[Result "1-0"]
[WhiteElo "1331"]
[BlackElo "876"]
[PlyCount "93"]
[EventDate "2018.10.21"]
[EventType "tourn (corr)"]
[EventRounds "6"]
[EventCountry "GER"]
[SourceTitle "Corr 2022"]
[Source "ChessBase"]
[SourceDate "2021.10.24"]
[SourceVersion "1"]
[SourceVersionDate "2021.10.24"]
[SourceQuality "1"]

1. d4 d5 2. c4 Bf5 3. cxd5 Bxb1 4. Rxb1 Qxd5 5. a3 e5 6. Qa4+ Nc6 7. dxe5 Qxe5 8. Nf3 Qf5 9. e4 Qg6 10. Ne5 Bb4+ 11. Qxb4 Nxe5 12. Qxb7 Rd8 13. Qb5+ Nc6 14. Qf5 Qd6 15. Be2 Nd4 16. Qg4 Nc2+ 17. Kf1 Nd4 18. g3 Nxe2 19. Qxe2 Ne7 20. Kg2 0-0 21. Bf4 Qb6 22. Rhd1 Ng6 23. Bg5 Rxd1 24. Rxd1 Re8 25. Qc2 h6 26. Rd8 Kf8 27. Rxe8+ Kxe8 28. Be3 Qb7 29. Bd4 f5 30. f3 fxe4 31. Qxe4+ Qxe4 32. fxe4 a5 33. Bxg7 h5 34. a4 Ne7 35. Bc3 Nc6 36. Kh3 Kf7 37. Kh4 Kg6 38. e5 Nb4 39. Bxb4 axb4 40. a5 c5 41. a6 c4 42. a7 c3 43. bxc3 bxc3 44. a8Q c2 45. Qe4+ Kf7 46. Qxc2 Ke6 47. Qe4 1-0

[Event "RF-2018-0-00452"]
[Site "LSS email"]
[Date "2018.11.14"]
[Round "?"]
[White "Zmolil, Karel"]
[Black "Casas Renteria, Enrique"]
[Result "0-1"]
[WhiteElo "1213"]
[BlackElo "1331"]
[PlyCount "50"]
[EventDate "2018.10.21"]
[EventType "tourn (corr)"]
[EventRounds "6"]
[EventCountry "GER"]
[SourceTitle "Corr 2022"]
[Source "ChessBase"]
[SourceDate "2021.10.24"]
[SourceVersion "1"]
[SourceVersionDate "2021.10.24"]
[SourceQuality "1"]

1. e4 g6 2. d4 Bg7 3. Bc4 d6 4. Qf3 e6 5. c3 Ne7 6. Bg5 h6 7. Bh4 Nd7 8. Ne2 c5 9. d5 Ne5 10. Bb5+ Bd7 11. Bxd7+ Qxd7 12. Qh3 exd5 13. Qxd7+ Kxd7 14. Bxe7 Kxe7 15. exd5 Nd3+ 16. Kd2 Nxb2 17. Kc2 Nc4 18. Re1 Kd7 19. Rd1 Rhe8 20. Ng3 h5 21. Nd2 Nb6 22. Rab1 Kc7 23. Nb3 h4 24. Nf1 Re2+ 25. Nfd2 Nxd5 0-1

[Event "IECC CL0-2018.00 email"]
[Site "IECC email"]
[Date "2018.11.10"]
[Round "?"]
[White "Razo, Ryan Jose"]
[Black "Casas Renteria, Enrique"]
[Result "1/2-1/2"]
[WhiteElo "1357"]
[BlackElo "1337"]
[PlyCount "45"]
[EventDate "2018.10.08"]
[EventType "tourn (corr)"]
[EventRounds "4"]
[SourceTitle "Corr 2022"]
[Source "ChessBase"]
[SourceDate "2021.10.24"]
[SourceVersion "1"]
[SourceVersionDate "2021.10.24"]
[SourceQuality "1"]

1. Nf3 d5 2. b3 c5 3. e3 Nc6 4. Bb2 Nf6 5. d4 g6 6. Be2 Bg7 7. 0-0 b6 8. Nbd2 0-0 9. a3 Bf5 10. dxc5 bxc5 11. c4 Be6 12. Rc1 Qb6 13. Qc2 Bf5 14. Bd3 Bxd3 15. Qxd3 e6 16. cxd5 Rfd8 17. Qe2 exd5 18. Qd3 Rac8 19. Rfd1 c4 20. Qc2 cxb3 21. Qxb3 Qxb3 22. Nxb3 Ng4 23. Bxg7 1/2-1/2

[Event "IECC CL0-2018.00 email"]
[Site "IECC email"]
[Date "2018.11.07"]
[Round "?"]
[White "Casas Renteria, Enrique"]
[Black "Shim Ng Min, Francis"]
[Result "1-0"]
[WhiteElo "1337"]
[BlackElo "1243"]
[PlyCount "37"]
[EventDate "2018.10.08"]
[EventType "tourn (corr)"]
[EventRounds "4"]
[SourceTitle "Corr 2022"]
[Source "ChessBase"]
[SourceDate "2021.10.24"]
[SourceVersion "1"]
[SourceVersionDate "2021.10.24"]
[SourceQuality "1"]

1. d4 Nf6 2. c4 e6 3. Nc3 Bb4 4. e3 0-0 5. Bd3 c5 6. Nf3 cxd4 7. exd4 d5 8. 0-0 dxc4 9. Bxc4 Nc6 10. Bg5 Be7 11. h3 a6 12. Rc1 Bd7 13. Re1 Rc8 14. Bd3 h6 15. Bf4 Nd5 16. Nxd5 exd5 17. Bb1 Bg5 18. Nxg5 hxg5 19. Qh5 1-0

[Event "RF-2018-0-00450"]
[Site "LSS email"]
[Date "2018.10.28"]
[Round "?"]
[White "Casas Renteria, Enrique"]
[Black "Shim Ng Min, Francis"]
[Result "1-0"]
[WhiteElo "1317"]
[BlackElo "1231"]
[PlyCount "41"]
[EventDate "2018.09.21"]
[EventType "tourn (corr)"]
[EventRounds "6"]
[EventCountry "GER"]
[SourceTitle "Corr 2022"]
[Source "ChessBase"]
[SourceDate "2021.10.24"]
[SourceVersion "1"]
[SourceVersionDate "2021.10.24"]
[SourceQuality "1"]

1. d4 Nf6 2. c4 e6 3. Nc3 d5 4. Bg5 Nbd7 5. e3 Be7 6. Nf3 0-0 7. Rc1 c6 8. Bd3 dxc4 9. Bxc4 Nd5 10. Bxe7 Qxe7 11. 0-0 Nxc3 12. Rxc3 e5 13. e4 exd4 14. Qxd4 Nb6 15. Bb3 Bg4 16. Qe3 Be6 17. Bc2 Rfd8 18. Nd4 Nc4 19. Nf5 Qf6 20. Qg3 Nxb2 21. e5 1-0

[Event "IECC CL0-2018.00 email"]
[Site "IECC email"]
[Date "2018.10.25"]
[Round "?"]
[White "Pauk, Jozef"]
[Black "Casas Renteria, Enrique"]
[Result "0-1"]
[WhiteElo "761"]
[BlackElo "1314"]
[PlyCount "80"]
[EventDate "2018.08.26"]
[EventType "tourn (corr)"]
[EventRounds "4"]
[SourceTitle "Corr 2022"]
[Source "ChessBase"]
[SourceDate "2021.10.24"]
[SourceVersion "1"]
[SourceVersionDate "2021.10.24"]
[SourceQuality "1"]

1. Nf3 d5 2. d4 Nf6 3. Bg5 e6 4. Ne5 c5 5. e3 Nbd7 6. Bb5 Be7 7. Bxf6 Bxf6 8. Ng4 Be7 9. Ne5 0-0 10. Bxd7 Bxd7 11. Nd2 Bb5 12. a4 Ba6 13. c3 Rc8 14. g3 cxd4 15. exd4 Bd6 16. Ndf3 b6 17. Ng4 Rc7 18. h4 h5 19. Nge5 Qe8 20. Nd3 f6 21. 0-0 Qg6 22. Qe2 Re7 23. Nh2 Bxd3 24. Qf3 Bxf1 25. Nxf1 Qf5 26. Qe2 g6 27. Ne3 Qh3 28. Ng2 e5 29. Qd3 e4 30. Qe3 Rg7 31. Nf4 Bxf4 32. Qxf4 Qe6 33. Re1 g5 34. hxg5 fxg5 35. Qd2 h4 36. Kh2 hxg3+ 37. Kxg3 Rf3+ 38. Kg2 Qg4+ 39. Kf1 Rh7 40. Ke2 Rd3+ 0-1

[Event "IECC CL0-2018.00 email"]
[Site "IECC email"]
[Date "2018.10.23"]
[Round "?"]
[White "Casas Renteria, Enrique"]
[Black "Shim Ng Min, Francis"]
[Result "1-0"]
[WhiteElo "1314"]
[BlackElo "1228"]
[PlyCount "47"]
[EventDate "2018.08.26"]
[EventType "tourn (corr)"]
[EventRounds "4"]
[SourceTitle "Corr 2022"]
[Source "ChessBase"]
[SourceDate "2021.10.24"]
[SourceVersion "1"]
[SourceVersionDate "2021.10.24"]
[SourceQuality "1"]

1. d4 Nf6 2. c4 g6 3. g3 Bg7 4. Bg2 0-0 5. Nf3 c6 6. 0-0 d5 7. b3 Nbd7 8. Nc3 a6 9. Bf4 e6 10. Re1 Nh5 11. Bg5 Bf6 12. Bxf6 Ndxf6 13. e4 dxe4 14. Nxe4 Nxe4 15. Rxe4 Nf6 16. Rh4 Nh5 17. Ne5 Qf6 18. Qd2 Rd8 19. Bf3 Qxe5 20. Bxh5 gxh5 21. Qh6 Rxd4 22. Rxh5 Qxh5 23. Qxh5 Bd7 24. Qg5+ 1-0

[Event "IECC CL0-2018.00 email"]
[Site "IECC email"]
[Date "2018.10.08"]
[Round "?"]
[White "Casas Renteria, Enrique"]
[Black "Vontina, Maria"]
[Result "1-0"]
[WhiteElo "1314"]
[BlackElo "746"]
[PlyCount "33"]
[EventDate "2018.08.19"]
[EventType "tourn (corr)"]
[EventRounds "4"]
[SourceTitle "Corr 2022"]
[Source "ChessBase"]
[SourceDate "2021.10.24"]
[SourceVersion "1"]
[SourceVersionDate "2021.10.24"]
[SourceQuality "1"]

1. d4 Nf6 2. c4 d5 3. cxd5 Nxd5 4. e4 Nb6 5. Nf3 g6 6. Be2 Bg7 7. Be3 0-0 8. h3 N8d7 9. Nc3 a6 10. 0-0 Nf6 11. Qd2 Ne8 12. Bh6 Nf6 13. Rac1 Re8 14. Bxg7 Kxg7 15. Ng5 Nbd7 16. e5 Ng8 17. e6 1-0

[Event "IECC CL0-2018.00 email"]
[Site "IECC email"]
[Date "2018.07.22"]
[Round "?"]
[White "Casas Renteria, Enrique"]
[Black "Chura, Michal"]
[Result "1/2-1/2"]
[WhiteElo "1304"]
[BlackElo "1251"]
[PlyCount "33"]
[EventDate "2018.06.15"]
[EventType "tourn (corr)"]
[EventRounds "4"]
[SourceTitle "Corr 2022"]
[Source "ChessBase"]
[SourceDate "2021.10.24"]
[SourceVersion "1"]
[SourceVersionDate "2021.10.24"]
[SourceQuality "1"]

1. d4 b5 2. e4 Bb7 3. Bxb5 Bxe4 4. Nf3 c6 5. Be2 Nf6 6. c4 Bxb1 7. Rxb1 Qa5+ 8. Bd2 Qxa2 9. Bc3 Qa6 10. 0-0 Qb6 11. Re1 e6 12. Ne5 Be7 13. c5 Qc7 14. Bd2 d6 15. Nd3 Nbd7 16. b4 Nd5 17. Bf3 1/2-1/2

[Event "IECC CL0-2018.00 email"]
[Site "IECC email"]
[Date "2018.06.04"]
[Round "?"]
[White "Raines, David T"]
[Black "Casas Renteria, Enrique"]
[Result "1/2-1/2"]
[WhiteElo "1202"]
[BlackElo "1293"]
[PlyCount "74"]
[EventDate "2018.04.02"]
[EventType "tourn (corr)"]
[EventRounds "4"]
[SourceTitle "Corr 2022"]
[Source "ChessBase"]
[SourceDate "2021.10.24"]
[SourceVersion "1"]
[SourceVersionDate "2021.10.24"]
[SourceQuality "1"]

1. d4 g6 2. c4 Bg7 3. f3 Nf6 4. e4 d6 5. Nc3 0-0 6. Be3 Nbd7 7. Bd3 c5 8. d5 Nb6 9. Nge2 Re8 10. Qd2 e6 11. Bg5 exd5 12. cxd5 Nbd7 13. h4 Qc7 14. 0-0-0 Ne5 15. Bc2 Nc4 16. Qf4 Nh5 17. Qh2 h6 18. g4 Nf6 19. Bxf6 Bxf6 20. g5 Bxc3 21. Nxc3 h5 22. Rde1 Bd7 23. f4 a5 24. Bd3 b5 25. Bxc4 bxc4 26. Qe2 Reb8 27. Qxc4 Rb4 28. Qd3 Rab8 29. Rh2 Qb7 30. Ree2 a4 31. a3 Rb3 32. Ref2 Bg4 33. f5 Kg7 34. Qg3 Qb6 35. fxg6 fxg6 36. Qf4 Rxc3+ 37. Kb1 Rf3 1/2-1/2

[Event "IECC CL0-2018.00 email"]
[Site "IECC email"]
[Date "2018.01.23"]
[Round "?"]
[White "Casas Renteria, Enrique"]
[Black "Venturas, Bob"]
[Result "1-0"]
[WhiteElo "1238"]
[BlackElo "693"]
[PlyCount "43"]
[EventDate "2018.01.01"]
[EventType "tourn (corr)"]
[EventRounds "4"]
[SourceTitle "Corr 2022"]
[Source "ChessBase"]
[SourceDate "2021.10.24"]
[SourceVersion "1"]
[SourceVersionDate "2021.10.24"]
[SourceQuality "1"]

1. d4 d5 2. c4 c5 3. e3 Nf6 4. Nf3 Bg4 5. Bd3 Nc6 6. dxc5 e6 7. cxd5 exd5 8. a3 Bxc5 9. b4 Bb6 10. Nbd2 0-0 11. Qc2 Re8 12. Bb2 a6 13. h3 Be6 14. Ng5 Nd7 15. Bxh7+ Kf8 16. Ndf3 Nf6 17. Nxe6+ fxe6 18. Ng5 Qe7 19. Bg6 Rec8 20. Qe2 Bc7 21. Bxf6 gxf6 22. Qh5 1-0

[Event "IECC CL0-2018.00 email"]
[Site "IECC email"]
[Date "2018.01.23"]
[Round "?"]
[White "Kuttner, Jaromir"]
[Black "Casas Renteria, Enrique"]
[Result "0-1"]
[WhiteElo "907"]
[BlackElo "1238"]
[PlyCount "36"]
[EventDate "2018.01.01"]
[EventType "tourn (corr)"]
[EventRounds "4"]
[SourceTitle "Corr 2022"]
[Source "ChessBase"]
[SourceDate "2021.10.24"]
[SourceVersion "1"]
[SourceVersionDate "2021.10.24"]
[SourceQuality "1"]

1. e4 g6 2. d4 Bg7 3. f4 c5 4. Nf3 d5 5. dxc5 Qa5+ 6. c3 dxe4 7. b4 Qc7 8. Nd4 Nc6 9. Bb5 Bd7 10. 0-0 f5 11. Bxc6 bxc6 12. Nd2 e5 13. fxe5 Bxe5 14. Nc4 Bxh2+ 15. Kh1 Nf6 16. Nd6+ Bxd6 17. Bg5 Be7 18. Qb3 Nh5 0-1

[Event "IECC CL0-2017.00 email"]
[Site "IECC email"]
[Date "2017.12.12"]
[Round "?"]
[White "Venturas, Bob"]
[Black "Casas Renteria, Enrique"]
[Result "0-1"]
[WhiteElo "643"]
[BlackElo "1229"]
[PlyCount "56"]
[EventDate "2017.11.14"]
[EventType "tourn (corr)"]
[EventRounds "4"]
[SourceTitle "Corr 2022"]
[Source "ChessBase"]
[SourceDate "2021.10.24"]
[SourceVersion "1"]
[SourceVersionDate "2021.10.24"]
[SourceQuality "1"]

1. e4 g6 2. d4 Bg7 3. Nf3 d6 4. h3 Nd7 5. Nc3 a6 6. Bc4 e6 7. 0-0 Ne7 8. Be3 h6 9. Nh2 0-0 10. Qd2 Kh7 11. Bd3 b6 12. Ng4 Ng8 13. Ne2 Bb7 14. f4 Ndf6 15. Nf2 Ne7 16. c4 c5 17. e5 dxe5 18. fxe5 Nd7 19. Nf4 cxd4 20. Bxd4 Nc6 21. Be4 Ndxe5 22. Rad1 Qc7 23. Nh1 Nxd4 24. Bxb7 Qxb7 25. Qf2 Nf5 26. b3 Nc6 27. Ng3 Bd4 28. Rxd4 Ncxd4 0-1